|
000
|
00988nam0 2200289 450
|
|
001
|
bjxs00000581
|
|
005
|
20090412154943.0
|
|
010
|
|
@a978-7-5442-4094-9@dCNY24.80
|
|
100
|
|
@a20090412d2009 em y0chiy0120 ea
|
|
101
|
0
|
@achi
|
|
102
|
|
@aCN@b460000
|
|
105
|
|
@aa z 000yy
|
|
106
|
|
@ar
|
|
200
|
1
|
@a客厅风水@Ake ting feng shui@d= Fengshui of the living room@f金版文化主编@zeng
|
|
205
|
|
@a第一版
|
|
210
|
|
@a海口@c南海出版公司@d2009.2
|
|
215
|
|
@a127页@c图@d24cm
|
|
225
|
2
|
@a装饰文库@Azhuang shi wen ku@i装潢书系@h1
|
|
308
|
|
@a书系Ⅲ
|
|
330
|
|
@a本书介绍了风水理论与提升家运的客厅装修方法。主要内容包括:如何打造大吉大利的电视主题墙、如何打造开运沙发主题墙、如何打造旺宅天花、如何布置开运客厅配饰等。
|
|
410
|
0
|
@12001 @a装饰文库
|
|
510
|
1
|
@aFengshui of the living room@zeng
|
|
606
|
0
|
@a住宅@Azhu zhai@x客厅@x风水
|
|
690
|
|
@aB9@v4
|
|
711
|
01
|
@a金版文化@Ajin ban wen hua@4主编
|
|
801
|
0
|
@aCN@bCDNYKJZYXY@c20090412
|
|
905
|
|
@aCDNYKJZYXY@dB9@e54@f5
|
|
|
|
|
| |
| 客厅风水= Fengshui of the living room/金版文化主编.-第一版.-海口:南海出版公司,2009.2 |
| 127页:图;24cm.-(装饰文库.装潢书系.1) |
| |
| |
| ISBN 978-7-5442-4094-9:CNY24.80 |
| 本书介绍了风水理论与提升家运的客厅装修方法。主要内容包括:如何打造大吉大利的电视主题墙、如何打造开运沙发主题墙、如何打造旺宅天花、如何布置开运客厅配饰等。 |
| ● |
正题名:客厅风水
索取号:B9/54
 
预约/预借
| 序号
|
登录号
|
条形码
|
馆藏地/架位号
|
状态
|
备注
|
|
1
|
252409
|
300252409
|
柳城-5楼/33架4列4层/
[索取号:B9/54]
|
在馆
|
|
|
2
|
252410
|
300252410
|
海科密-1楼/15架2列1层/
[索取号:B9/54]
|
在馆
|
|
|
3
|
252411
|
300252411
|
海科密-1楼/15架2列1层/
[索取号:B9/54]
|
在馆
|
|
|
4
|
252412
|
300252412
|
柳城-5楼/33架4列4层/
[索取号:B9/54]
|
在馆
|
|
|
5
|
252413
|
300252413
|
柳城-5楼/33架4列4层/
[索取号:B9/54]
|
在馆
|
|